000 005950000a22001810004500
003 MACL
005 20160226142612.0
008 160226b xxu||||| |||| 00| 0 eng d
040 _aMACL
_cMACL
041 _aHindi
082 _a800
100 _aगुप्‍त डॉ. रामकुमार
_940663
245 _aगुजरात के संतों की हिन्‍दी साहित्‍य को देन
260 _bजवाहर पुस्‍तकालय
_aमथुरा
350 _a20
650 _aLiterature
_940664
942 _cHIN
_k800
_2ddc
999 _c26591
_d26591